El gran perdón (Record no. 136961)

MARC details
000 -LEADER
campo de control de longitud fija 00774nam a2200217 4500
001 - NÚMERO DE CONTROL
campo de control 136961
003 - IDENTIFICADOR DE NÚMERO DE CONTROL
campo de control ES-MaACL
007 - CAMPO FIJO DE DESCRIPCIÓN FÍSICA--INFORMACIÓN GENERAL
campo de control de longitud fija t|
008 - DATOS DE LONGITUD FIJA--INFORMACIÓN GENERAL
campo de control de longitud fija 070214s1982 sp r ||||1| spa d
100 1# - ENTRADA PRINCIPAL--NOMBRE DE PERSONA
Nombre de persona Saint-Hamont, Daniel.
9 (RLIN) 101527
245 13 - MENCIÓN DEL TÍTULO
Título El gran perdón
Resto del título : novela /
Mención de responsabilidad, etc. Daniel Saint-Hamont ; de una idea original de Alexandre Arcady ; con la colaboración en el guión de Alain Le Henry ; traducción de Mina Pedrós.
260 ## - PUBLICACIÓN, DISTRIBUCIÓN, ETC.
Lugar de publicación, distribución, etc. Barcelona :
Nombre del editor, distribuidor, etc. Planeta,
Fecha de publicación, distribución, etc. 1982.
300 ## - DESCRIPCIÓN FÍSICA
Extensión 203 p. ;
Dimensiones 21 cm.
490 1# - MENCIÓN DE SERIE
Mención de serie Col. contemporánea ;
Designación de volumen o secuencia 19
700 1# - ENTRADA AGREGADA--NOMBRE PERSONAL
Nombre de persona Arcady, Alexandre.
9 (RLIN) 22433
700 1# - ENTRADA AGREGADA--NOMBRE PERSONAL
Nombre de persona Le Henry, Alain.
9 (RLIN) 70892
700 1# - ENTRADA AGREGADA--NOMBRE PERSONAL
Nombre de persona Pedrós, Mina.
9 (RLIN) 89940
830 0# - PUNTO DE ACCESO ADICIONAL DE SERIE-TÍTULO UNIFORME
Título uniforme Col. contemporánea ;
Designación de volumen o secuencia 19
9 (RLIN) 186578
852 ## - LOCALIZACIÓN
Ubicación ES-MaACL
Número de control de estantería L-6556
Sublocalización o colección R.107332
Holdings
Estatus retirado Estado de pérdida Estado de daño No para préstamo Biblioteca de origen Biblioteca actual Ubicación en estantería Fecha de adquisición Fuente de adquisición Total de préstamos Signatura topográfica completa Código de barras Visto por última vez Precio de reemplazo Tipo de ítem Koha
        Biblioteca del Ateneo de Madrid Biblioteca del Ateneo de Madrid Depósito 2 17/01/2008     L-6556 1142533 23/02/2023 23/02/2023 Libro impreso